Normal view
MARC view
- Colonia del Sacramento (Uruguay)
Entry Geographic Name
001 - CONTROL NUMBER
- control field: 25692
003 - CONTROL NUMBER IDENTIFIER
- control field: NUST
005 - DATE AND TIME OF LATEST TRANSACTION
- control field: 20191115185830.0
008 - FIXED-LENGTH DATA ELEMENTS
- fixed length control field: 191115|| aca||aabn | a|a d
040 ## - CATALOGING SOURCE
- Original cataloging agency: NUST
- Transcribing agency: NUST
151 ## - HEADING--GEOGRAPHIC NAME
- Geographic name: Colonia del Sacramento (Uruguay)
670 ## - SOURCE DATA FOUND
- Source citation: Work cat.: (NUST)0: Colonia del Sacramento :, 1996.
